[Event "Europa ch 2014"]
[Site "Yerevan ARM"]
[Date "2014.03.13"]
[Round "10.65"]
[White "Gabuzyan, Hovhannes"]
[Black "Nakar, Eylon"]
[Result "1/2-1/2"]
[WhiteElo "2537"]
[BlackElo "2409"]
[PlyCount "85"]
[EventDate "2014.03.03"]
[EventType "swiss"]
[EventRounds "11"]
[EventCountry "ARM"]
[Source "lmi"]
[SourceDate "2014.03.02"]

1. d4 Nf6 2. Nf3 e6 3. g3 d5 4. Bg2 Be7 5. c4 O-O 6. Nbd2 b6 7. O-O Bb7 8. b3
Nbd7 9. Bb2 c5 10. Rc1 Rc8 11. Rc2 Rc7 12. dxc5 Nxc5 13. Qa1 Qa8 14. Rfc1 Rcc8
15. Ne1 dxc4 16. Bxb7 Qxb7 17. Nxc4 Rfd8 18. Nf3 Nce4 19. Nce5 Rxc2 20. Rxc2
Bc5 21. Nd3 Bf8 22. Nfe5 Nd5 23. Qc1 f6 24. Nc6 Re8 25. b4 Nd6 26. f3 Rc8 27.
Nd4 e5 28. Rxc8 Qxc8 29. Nc6 a6 30. a4 Ne7 31. b5 axb5 32. axb5 Kh8 33. Ba3 Nd5
34. Bxd6 Bxd6 35. Qc4 Nc7 36. e4 Qe6 37. Qa4 h6 38. Kg2 Kh7 39. h4 h5 40. Kh2
Qf7 41. Kg2 Qe6 42. Na7 Qg8 43. Nc6 1/2-1/2

[Event "Europa ch 2014"]
[Site "Yerevan ARM"]
[Date "2014.03.13"]
[Round "10.66"]
[White "Beradze, Irakli"]
[Black "Prizant, Jaroslav"]
[Result "1/2-1/2"]
[WhiteElo "2364"]
[BlackElo "2534"]
[PlyCount "51"]
[EventDate "2014.03.03"]
[EventType "swiss"]
[EventRounds "11"]
[EventCountry "ARM"]
[Source "lmi"]
[SourceDate "2014.03.02"]

1. e4 c5 2. Nf3 d6 3. d4 cxd4 4. Qxd4 Nc6 5. Bb5 Bd7 6. Bxc6 Bxc6 7. Nc3 Nf6 8.
Bg5 e6 9. O-O-O Be7 10. Qd3 Qa5 11. Bh4 O-O 12. Nd4 Rfc8 13. f4 Be8 14. f5 Rxc3
15. Qxc3 Qxa2 16. Rhe1 Nd5 17. exd5 Bxh4 18. dxe6 Bg5+ 19. Re3 Rc8 20. Qd3 fxe6
21. Nxe6 Bxe3+ 22. Qxe3 Qa1+ 23. Kd2 Qa5+ 24. Kc1 Qxf5 25. Nd4 Qd7 26. Re1
1/2-1/2

[Event "Europa ch 2014"]
[Site "Yerevan ARM"]
[Date "2014.03.13"]
[Round "10.67"]
[White "Kotanjian, Tigran"]
[Black "Arabidze, Meri"]
[Result "1-0"]
[WhiteElo "2531"]
[BlackElo "2388"]
[PlyCount "109"]
[EventDate "2014.03.03"]
[EventType "swiss"]
[EventRounds "11"]
[EventCountry "ARM"]
[Source "lmi"]
[SourceDate "2014.03.02"]

1. d4 Nf6 2. c4 e6 3. Nf3 b6 4. g3 Bb4+ 5. Bd2 Be7 6. Bg2 c6 7. O-O d5 8. Ne5
O-O 9. Nc3 Bb7 10. Bf4 Nh5 11. Bc1 Nf6 12. e4 dxc4 13. Nxc4 Ba6 14. b3 b5 15.
Ne5 b4 16. Ne2 c5 17. d5 exd5 18. exd5 Bd6 19. Bb2 Nbd7 20. Nc6 Qb6 21. Rc1
Rfe8 22. Re1 Bb5 23. Qd2 Qa6 24. Bxf6 Nxf6 25. Nf4 h6 26. Bf3 Qb6 27. Ng2 Bf8
28. Ne3 Ne4 29. Bxe4 Rxe4 30. Nc4 Rxe1+ 31. Qxe1 Qc7 32. Qe5 Qd7 33. Qe4 Re8
34. Qf3 f6 35. N6a5 Qh3 36. d6 Kh8 37. Rd1 Bd7 38. Ne3 Qe6 39. Nb7 Rc8 40. Qd5
Qh3 41. Nxc5 Rc6 42. Nxd7 Qxd7 43. Nc4 Rc8 44. Re1 Rd8 45. h4 a6 46. h5 Qb5 47.
Qf7 Qd7 48. Qxd7 Rxd7 49. Re6 Kg8 50. f4 Kf7 51. f5 Rb7 52. Kg2 Rb5 53. d7 Rb8
54. Rc6 Rd8 55. Nb6 1-0

[Event "Europa ch 2014"]
[Site "Yerevan ARM"]
[Date "2014.03.13"]
[Round "10.68"]
[White "Musalov, Ruslan"]
[Black "Paichadze, Luka"]
[Result "1/2-1/2"]
[WhiteElo "2340"]
[BlackElo "2529"]
[PlyCount "80"]
[EventDate "2014.03.03"]
[EventType "swiss"]
[EventRounds "11"]
[EventCountry "ARM"]
[Source "lmi"]
[SourceDate "2014.03.02"]

1. c4 e6 2. Nf3 Nf6 3. b3 Be7 4. Bb2 O-O 5. e3 c5 6. Be2 Nc6 7. O-O d5 8. d4
dxc4 9. Bxc4 Qa5 10. Qd2 cxd4 11. Nxd4 Qg5 12. f4 Qh4 13. Qe1 Qh5 14. Be2 Qg6
15. Nxc6 bxc6 16. Bf3 Ba6 17. Be2 Qc2 18. Bxa6 Qxb2 19. Qc3 Qxc3 20. Nxc3 Bc5
21. Rf3 Rad8 22. Na4 Ba3 23. Rf2 e5 24. fxe5 Ng4 25. Rc2 Nxe5 26. Be2 Rfe8 27.
Rd1 Rxd1+ 28. Bxd1 g6 29. Be2 f5 30. Kf2 Bf8 31. Nb2 Kh8 32. Nc4 Bc5 33. Kf1
Nxc4 34. Rxc4 Bxe3 35. Rxc6 Rd8 36. Rc2 Kg7 37. Bf3 h5 38. Ke2 Bg1 39. h3 Rd6
40. Rc7+ Kf6 1/2-1/2

[Event "Europa ch 2014"]
[Site "Yerevan ARM"]
[Date "2014.03.13"]
[Round "10.69"]
[White "Oral, Tomas"]
[Black "Nuber, Blasius"]
[Result "1/2-1/2"]
[WhiteElo "2528"]
[BlackElo "2359"]
[PlyCount "113"]
[EventDate "2014.03.03"]
[EventType "swiss"]
[EventRounds "11"]
[EventCountry "ARM"]
[Source "lmi"]
[SourceDate "2014.03.02"]

1. e4 e5 2. Nf3 Nc6 3. Bb5 a6 4. Ba4 Nf6 5. O-O Be7 6. Re1 b5 7. Bb3 d6 8. c3
O-O 9. h3 Na5 10. Bc2 c5 11. d4 Qc7 12. Nbd2 Nc6 13. d5 Nd8 14. a4 Rb8 15. axb5
axb5 16. b4 Ne8 17. Nf1 g6 18. Be3 f6 19. Qe2 Bd7 20. Ra6 Nf7 21. Rea1 Ng7 22.
g4 Rb7 23. Ng3 c4 24. Nd2 Ng5 25. Kh2 Rfb8 26. f4 Nf7 27. Nf3 Qc8 28. Qf2 Qf8
29. Kg2 Rc8 30. Rf1 Rbb8 31. Ra7 Qe8 32. fxe5 fxe5 33. Nh2 Nd8 34. Nf5 gxf5 35.
exf5 Ra8 36. f6 Bf8 37. fxg7 Bxg7 38. Be4 Rxa7 39. Bxa7 Qe7 40. Nf3 Nf7 41. Be3
Rf8 42. Qc2 h6 43. Qd2 Ra8 44. Kh2 Ra3 45. Rf2 Qd8 46. g5 hxg5 47. Nxg5 Nxg5
48. Bxg5 Qe8 49. Qe3 Qh5 50. Qg3 Ra7 51. Be3 Ra3 52. Bg6 Qxh3+ 53. Qxh3 Bxh3
54. Kxh3 Rxc3 55. Rf3 Bh6 56. Bf7+ Kh7 57. Be8 1/2-1/2

[Event "Europa ch 2014"]
[Site "Yerevan ARM"]
[Date "2014.03.13"]
[Round "10.70"]
[White "Morchiashvili, Bachana"]
[Black "Can, Emre"]
[Result "0-1"]
[WhiteElo "2335"]
[BlackElo "2524"]
[PlyCount "62"]
[EventDate "2014.03.03"]
[EventType "swiss"]
[EventRounds "11"]
[EventCountry "ARM"]
[Source "lmi"]
[SourceDate "2014.03.02"]

1. c4 g6 2. Nc3 Bg7 3. g3 e5 4. Bg2 Nc6 5. e3 d6 6. Nge2 h5 7. Rb1 Be6 8. d3 h4
9. b4 Qd7 10. Qa4 Nge7 11. Nd5 Bf5 12. b5 Nd8 13. e4 Bg4 14. Nec3 Nxd5 15. Nxd5
h3 16. Bf1 Ne6 17. Be3 f5 18. Be2 Bxe2 19. Kxe2 f4 20. Bd2 Nd4+ 21. Kf1 c6 22.
bxc6 bxc6 23. Nc3 fxg3 24. hxg3 h2 25. Be3 Qh3+ 26. Ke1 O-O 27. Ne2 Qg2 28. Kd2
Rxf2 29. Bxf2 Qxf2 30. Rbe1 Bh6+ 31. Kd1 Rb8 0-1

[Event "Europa ch 2014"]
[Site "Yerevan ARM"]
[Date "2014.03.13"]
[Round "10.71"]
[White "Antipov, Mikhail Al"]
[Black "Shahinyan, David"]
[Result "1/2-1/2"]
[WhiteElo "2507"]
[BlackElo "2356"]
[PlyCount "34"]
[EventDate "2014.03.03"]
[EventType "swiss"]
[EventRounds "11"]
[EventCountry "ARM"]
[Source "lmi"]
[SourceDate "2014.03.02"]

1. e4 e6 2. d4 d5 3. Nd2 Nc6 4. Ngf3 Nf6 5. e5 Nd7 6. Be2 f6 7. exf6 Qxf6 8.
Nf1 Bd6 9. Ne3 O-O 10. O-O Qg6 11. Bd3 Qh5 12. h3 Nf6 13. c3 Bd7 14. Be2 Qg6
15. Bd3 Qh5 16. Be2 Qg6 17. Bd3 Qh5 1/2-1/2

[Event "Europa ch 2014"]
[Site "Yerevan ARM"]
[Date "2014.03.13"]
[Round "10.72"]
[White "Rozhko, Dmitry"]
[Black "Zoler, Dan"]
[Result "0-1"]
[WhiteElo "2335"]
[BlackElo "2504"]
[PlyCount "142"]
[EventDate "2014.03.03"]
[EventType "swiss"]
[EventRounds "11"]
[EventCountry "ARM"]
[Source "lmi"]
[SourceDate "2014.03.02"]

1. d4 Nf6 2. Nf3 b6 3. Bf4 Bb7 4. e3 d6 5. h3 g6 6. Nbd2 Bg7 7. Be2 O-O 8. O-O
Nbd7 9. a4 a6 10. c3 Qe8 11. Qb1 e5 12. dxe5 dxe5 13. Bh2 Qe7 14. Rd1 Rfd8 15.
Bc4 Ne8 16. Ne4 Bxe4 17. Qxe4 Nd6 18. Qc6 Nxc4 19. Qxc4 Nc5 20. Bg3 Kf8 21. h4
f6 22. b4 Qe6 23. Rxd8+ Rxd8 24. Qxe6 Nxe6 25. Kf1 Rd3 26. Rc1 c5 27. Ke2 c4
28. Ne1 Rd7 29. Rd1 Ke7 30. Nc2 b5 31. axb5 axb5 32. Rxd7+ Kxd7 33. f3 f5 34.
e4 Nf4+ 35. Bxf4 exf4 36. exf5 Bxc3 37. fxg6 hxg6 38. Kf2 Be5 39. Na3 Kc6 40.
Ke2 Bf6 41. Nc2 Kb6 42. Kd2 Bxh4 43. Na3 Bf6 44. Kc2 Kc6 45. Kd2 Bb2 46. Nc2
Kd5 47. Ke2 Bc3 48. Kd1 Ke5 49. Ke2 Kf5 50. Kf2 Be5 51. Ke2 Bd6 52. Nd4+ Ke5
53. Nc2 Kf6 54. Kf1 Kg5 55. Nd4 c3 56. Nc2 Kh4 57. Kg1 Kg3 58. Kf1 Be5 59. Kg1
Bf6 60. Kf1 g5 61. Na3 g4 62. fxg4 Kxg4 63. Ke2 Kg3 64. Kf1 Be7 65. Nc2 Bd6 66.
Kg1 f3 67. gxf3 Kxf3 68. Kf1 Bg3 69. Na3 Ke3 70. Kg2 Be5 71. Kf1 Kd3 0-1

[Event "Europa ch 2014"]
[Site "Yerevan ARM"]
[Date "2014.03.13"]
[Round "10.73"]
[White "Stupak, Kirill"]
[Black "Petrosyan, Manuel"]
[Result "1-0"]
[WhiteElo "2498"]
[BlackElo "2336"]
[PlyCount "105"]
[EventDate "2014.03.03"]
[EventType "swiss"]
[EventRounds "11"]
[EventCountry "ARM"]
[Source "lmi"]
[SourceDate "2014.03.02"]

1. Nf3 c5 2. g3 Nc6 3. d4 cxd4 4. Nxd4 g6 5. Bg2 Bg7 6. Nb3 Nf6 7. c4 d6 8. c5
dxc5 9. Qxd8+ Nxd8 10. Nxc5 Nd7 11. Nd3 Ne6 12. Nc3 Ndc5 13. Nxc5 Nxc5 14. Be3
Ne6 15. O-O Bd7 16. Rfd1 Bc6 17. Bxc6+ bxc6 18. Rac1 c5 19. b3 O-O 20. Nd5 Rfe8
21. Bxc5 Nxc5 22. Rxc5 e6 23. Ne3 Re7 24. Nc4 h5 25. e3 Rb8 26. Kf1 Kh7 27. Ke2
Kh6 28. h4 Kh7 29. Rc6 Rb5 30. Rd8 Rd5 31. Rxd5 exd5 32. Nd2 Rd7 33. Kd3 Bb2
34. Nf3 Kg7 35. Nd4 Kf8 36. Nb5 Be5 37. Rc8+ Kg7 38. Ra8 Rb7 39. a4 Bb8 40. Kd4
Kf6 41. Kxd5 Kf5 42. Kc6 Rb6+ 43. Kc5 Be5 44. Rxa7 Rf6 45. Kd5 Kg4 46. f4 Bb2
47. a5 Bc1 48. Nd6 Bxe3 49. Rxf7 Rxf7 50. Nxf7 Kxg3 51. Ne5 Kxh4 52. Nxg6+ Kg4
53. Ke4 1-0

[Event "Europa ch 2014"]
[Site "Yerevan ARM"]
[Date "2014.03.13"]
[Round "10.74"]
[White "Minasian, Artashes"]
[Black "Alaverdyan, Gevorg"]
[Result "1/2-1/2"]
[WhiteElo "2482"]
[BlackElo "2311"]
[PlyCount "147"]
[EventDate "2014.03.03"]
[EventType "swiss"]
[EventRounds "11"]
[EventCountry "ARM"]
[Source "lmi"]
[SourceDate "2014.03.02"]

1. g3 d5 2. Bg2 c6 3. d3 Nf6 4. Nf3 g6 5. O-O Bg7 6. Nbd2 O-O 7. e4 dxe4 8.
dxe4 Na6 9. h3 Nc5 10. Qe2 h6 11. e5 Nd5 12. Nb3 Nxb3 13. axb3 a5 14. Rd1 Qc7
15. Rd4 Bf5 16. c3 Rfd8 17. Rda4 Nb6 18. Rxa5 Rxa5 19. Rxa5 Nc4 20. Ra2 Bd3 21.
Qe1 Nxe5 22. Nxe5 Bxe5 23. Bxh6 Bc2 24. Qe3 Bxb3 25. Ra7 Bd5 26. Bxd5 cxd5 27.
Ra4 Bf6 28. Bg5 Qd6 29. Bxf6 Qxf6 30. Rb4 e5 31. Rxb7 d4 32. cxd4 exd4 33. Qe7
Qxe7 34. Rxe7 d3 35. Re1 Rb8 36. Rd1 Rxb2 37. Rxd3 Kg7 38. Kg2 Rb4 39. Rd5 Ra4
40. g4 Ra1 41. h4 Ra3 42. f3 Ra1 43. h5 Rb1 44. Kg3 Rh1 45. Kf4 Rh3 46. hxg6
Kxg6 47. Rg5+ Kh6 48. Rf5 Kg6 49. Ke5 Rh1 50. Rf6+ Kg7 51. Kf5 Rf1 52. Kg5 Rg1
53. Ra6 Rb1 54. f4 Rb5+ 55. f5 Rc5 56. Ra4 Rb5 57. Kf4 Rb1 58. Re4 Ra1 59. Re2
Ra4+ 60. Kg5 Ra5 61. Kh5 Rb5 62. Re3 Ra5 63. Rf3 Rb5 64. g5 Rb1 65. Kg4 Rb4+
66. Rf4 Rb1 67. Re4 Rg1+ 68. Kf4 Rf1+ 69. Ke5 Rg1 70. f6+ Kg6 71. Kd6 Rxg5 72.
Ke7 Rg3 73. Re1 Rg5 74. Re2 1/2-1/2

[Event "Europa ch 2014"]
[Site "Yerevan ARM"]
[Date "2014.03.13"]
[Round "10.75"]
[White "Jurcik, Marian"]
[Black "Sargsyan, Shant"]
[Result "1-0"]
[WhiteElo "2481"]
[BlackElo "2027"]
[PlyCount "115"]
[EventDate "2014.03.03"]
[EventType "swiss"]
[EventRounds "11"]
[EventCountry "ARM"]
[Source "lmi"]
[SourceDate "2014.03.02"]

1. e4 c5 2. Nf3 e6 3. Nc3 a6 4. d4 cxd4 5. Nxd4 Qc7 6. Be2 Nf6 7. O-O d6 8. f4
Nbd7 9. Bf3 g6 10. Be3 Bg7 11. Nde2 O-O 12. Qd2 Nb6 13. b3 Bd7 14. Rad1 Nc8 15.
g4 Bc6 16. Nd4 Re8 17. g5 Nd7 18. Bg2 Nc5 19. Nxc6 Qxc6 20. e5 d5 21. Ne2 Ne7
22. c4 Rad8 23. cxd5 Nxd5 24. Rc1 b6 25. b4 Qa4 26. bxc5 Nxf4 27. Rxf4 Rxd2 28.
Rxa4 Rxe2 29. c6 Rxe3 30. c7 Bxe5 31. c8=Q Rxc8 32. Rxc8+ Kg7 33. Re4 Rxe4 34.
Bxe4 h6 35. gxh6+ Kxh6 36. Kg2 Bd4 37. Bd3 a5 38. Rc7 Kg7 39. Bc4 Kf8 40. h3
Be3 41. Kf3 Bd4 42. a4 Bc5 43. Rb7 Bd4 44. Kg4 Bc5 45. Rd7 Be3 46. h4 Kg8 47.
h5 gxh5+ 48. Kxh5 Bc5 49. Kg5 Bf2 50. Kf6 Bh4+ 51. Ke5 Bg3+ 52. Ke4 Bf2 53. Be2
Bg3 54. Rb7 Bf2 55. Bh5 f6 56. Bf7+ Kg7 57. Bxe6+ Kg6 58. Rb8 1-0

[Event "Europa ch 2014"]
[Site "Yerevan ARM"]
[Date "2014.03.13"]
[Round "10.76"]
[White "Oganisian, Roman"]
[Black "Firat, Burak"]
[Result "0-1"]
[WhiteElo "2243"]
[BlackElo "2480"]
[PlyCount "100"]
[EventDate "2014.03.03"]
[EventType "swiss"]
[EventRounds "11"]
[EventCountry "ARM"]
[Source "lmi"]
[SourceDate "2014.03.02"]

1. e4 c5 2. d4 cxd4 3. c3 Nf6 4. e5 Nd5 5. Nf3 e6 6. Qxd4 Nc6 7. Qe4 f5 8. Qe2
Bc5 9. g3 O-O 10. Bg2 a6 11. c4 Nde7 12. O-O Ng6 13. Bd2 Qc7 14. Bc3 b5 15. a3
bxc4 16. Qxc4 Bb6 17. Nbd2 Bb7 18. Rac1 Rfc8 19. Qb3 Nd8 20. h4 Bd5 21. Qd1 Qb7
22. h5 Ne7 23. Qa4 Nf7 24. Rcd1 Ng5 25. Qf4 h6 26. Bb4 Nc6 27. Bc3 Na7 28. Kh2
Nb5 29. Nxg5 Bxg2 30. Rg1 hxg5 31. Qxg5 Bd5 32. h6 d6 33. exd6 Nxc3 34. bxc3
Bd8 35. Qg6 Bf6 36. c4 Bc6 37. d7 Bxd7 38. hxg7 Bxg7 39. g4 Be8 40. Qxe6+ Bf7
41. Qxf5 Rf8 42. Ne4 Bxc4 43. Qg6 Bd5 44. Ng5 Rf6 45. Qh7+ Kf8 46. Qd3 Rh6+ 47.
Kg3 Be5+ 48. f4 Bxf4+ 49. Kxf4 Rf6+ 50. Qf5 Qc7+ 0-1

[Event "Europa ch 2014"]
[Site "Yerevan ARM"]
[Date "2014.03.13"]
[Round "10.77"]
[White "Chudinovskikh, Alexander M"]
[Black "Petenyi, Tamas"]
[Result "1/2-1/2"]
[WhiteElo "2280"]
[BlackElo "2468"]
[PlyCount "94"]
[EventDate "2014.03.03"]
[EventType "swiss"]
[EventRounds "11"]
[EventCountry "ARM"]
[Source "lmi"]
[SourceDate "2014.03.02"]

1. Nf3 Nf6 2. d4 g6 3. g3 Bg7 4. Bg2 O-O 5. O-O d6 6. Re1 Nc6 7. e4 Bg4 8. h3
Bxf3 9. Bxf3 e5 10. dxe5 Nxe5 11. Bg2 Re8 12. Nc3 Nc6 13. Be3 Rb8 14. a4 a6 15.
a5 Qd7 16. f4 Rbd8 17. Bf2 Kh8 18. Qd2 Ng8 19. Nd5 Nge7 20. c3 Nxd5 21. exd5
Ne7 22. b4 Ng8 23. Rad1 Rxe1+ 24. Rxe1 Re8 25. c4 Rxe1+ 26. Qxe1 Qa4 27. c5
dxc5 28. bxc5 Bd4 29. d6 cxd6 30. cxd6 Bxf2+ 31. Kxf2 Kg7 32. Qe5+ Kf8 33. Qc5
Kg7 34. Qc3+ Nf6 35. Bxb7 Qa2+ 36. Kf3 Qe6 37. Bxa6 Qxh3 38. Be2 h5 39. d7 Qxd7
40. a6 h4 41. Kg2 hxg3 42. Kxg3 Qa7 43. Qa1 g5 44. Bf3 Kg6 45. Qb1+ Kg7 46.
fxg5 Qxa6 47. gxf6+ Qxf6 1/2-1/2

[Event "Europa ch 2014"]
[Site "Yerevan ARM"]
[Date "2014.03.13"]
[Round "10.78"]
[White "Sibashvili, Giorgi"]
[Black "Schreiner, Peter"]
[Result "0-1"]
[WhiteElo "2239"]
[BlackElo "2455"]
[PlyCount "116"]
[EventDate "2014.03.03"]
[EventType "swiss"]
[EventRounds "11"]
[EventCountry "ARM"]
[Source "lmi"]
[SourceDate "2014.03.02"]

1. Nf3 Nf6 2. c4 g6 3. b3 Bg7 4. Bb2 O-O 5. g3 c5 6. Bg2 d6 7. O-O e5 8. Nc3
Nc6 9. d3 h6 10. Nd2 Be6 11. Nde4 Ne8 12. Nd5 Nc7 13. Nec3 Rb8 14. a3 Ne7 15.
b4 Nexd5 16. cxd5 Bd7 17. Ne4 cxb4 18. Nxd6 Bg4 19. Nc4 Nxd5 20. axb4 a6 21.
Nxe5 Be6 22. Qd2 Qe7 23. Bxd5 Bxd5 24. Ng4 f5 25. Ne3 Bc6 26. Nc4 Rfe8 27. Bxg7
Kxg7 28. Rfe1 Rbd8 29. Rad1 Kh7 30. Qc3 h5 31. f4 g5 32. Qd2 b5 33. Ne5 Ba8 34.
Nf3 g4 35. Ng5+ Kg6 36. e4 fxe4 37. f5+ Kxf5 38. Nxe4 Kg6 39. Qf2 Qf7 40. Qxf7+
Kxf7 41. Nc5 Bf3 42. Rb1 Rxe1+ 43. Rxe1 Rd4 44. Rb1 Kf6 45. Kf2 Kf5 46. Ke3 Rd5
47. d4 Rd8 48. Rb2 Re8+ 49. Kd3 h4 50. gxh4 Kf4 51. Rd2 Rh8 52. Kc3 Rxh4 53.
Nxa6 Rh3 54. Nc7 Be2+ 55. Kc2 Rxh2 56. Ne6+ Ke3 57. Kc3 g3 58. Ng7 g2 0-1

[Event "Europa ch 2014"]
[Site "Yerevan ARM"]
[Date "2014.03.13"]
[Round "10.79"]
[White "Torosyan, Norayr"]
[Black "Kreisl, Robert"]
[Result "1/2-1/2"]
[WhiteElo "2216"]
[BlackElo "2437"]
[PlyCount "49"]
[EventDate "2014.03.03"]
[EventType "swiss"]
[EventRounds "11"]
[EventCountry "ARM"]
[Source "lmi"]
[SourceDate "2014.03.02"]

1. e4 c6 2. d4 d5 3. f3 Qb6 4. Nc3 dxe4 5. fxe4 e5 6. dxe5 Be6 7. Nf3 Nd7 8.
Qd4 Qxd4 9. Nxd4 Nxe5 10. Nxe6 fxe6 11. Be3 Nf6 12. a3 Nfd7 13. Be2 Bc5 14.
Bxc5 Nxc5 15. O-O Ke7 16. Rad1 Rad8 17. Kf2 Rxd1 18. Rxd1 Rf8+ 19. Ke3 Rf6 20.
h3 Rg6 21. Kf2 Rf6+ 22. Ke3 Rg6 23. Kf2 Rf6+ 24. Ke3 Rg6 25. Kf2 1/2-1/2

[Event "Europa ch 2014"]
[Site "Yerevan ARM"]
[Date "2014.03.13"]
[Round "10.80"]
[White "Hayrapetian, Arman"]
[Black "Svetushkin, Dmitry"]
[Result "1-0"]
[WhiteElo "2367"]
[BlackElo "2582"]
[PlyCount "61"]
[EventDate "2014.03.03"]
[EventType "swiss"]
[EventRounds "11"]
[EventCountry "ARM"]
[Source "lmi"]
[SourceDate "2014.03.02"]

1. e4 g6 2. d4 Bg7 3. Nc3 c6 4. Bc4 d6 5. Nf3 Nf6 6. e5 dxe5 7. Nxe5 O-O 8. O-O
Nbd7 9. Bg5 Nb6 10. Bb3 a5 11. a4 Nfd5 12. Bh4 Bf5 13. Re1 Qd6 14. Bg3 Qf6 15.
Ne4 Bxe4 16. Rxe4 Rad8 17. Qd2 Qf5 18. Rae1 Ra8 19. Nd3 Nc8 20. c4 Ndb6 21. Nc5
Nd7 22. Ne6 fxe6 23. c5 Rf6 24. Bh4 Nf8 25. g4 Qf3 26. R1e3 Bh6 27. g5 Qf5 28.
gxh6 Rf7 29. Re5 Qg4+ 30. Bg3 Qh3 31. R3e4 1-0

[Event "Europa ch 2014"]
[Site "Yerevan ARM"]
[Date "2014.03.13"]
[Round "10.82"]
[White "Alekseenko, Kirill"]
[Black "Kozlitin, Roman"]
[Result "1/2-1/2"]
[WhiteElo "2461"]
[BlackElo "2365"]
[PlyCount "42"]
[EventDate "2014.03.03"]
[EventType "swiss"]
[EventRounds "11"]
[EventCountry "ARM"]
[Source "lmi"]
[SourceDate "2014.03.02"]

1. e4 e5 2. Nf3 Nc6 3. Bb5 Nf6 4. d3 d6 5. O-O Be7 6. c3 O-O 7. Nbd2 a6 8. Ba4
b5 9. Bc2 h6 10. h3 d5 11. d4 exd4 12. e5 d3 13. Bxd3 Nd7 14. Re1 Nc5 15. Bb1
Re8 16. Nd4 Nxd4 17. cxd4 Ne6 18. Nb3 a5 19. Qd3 Nf8 20. Bd2 c6 21. Rc1 Bd7
1/2-1/2

[Event "Europa ch 2014"]
[Site "Yerevan ARM"]
[Date "2014.03.13"]
[Round "10.83"]
[White "Chibukhchian, Artur"]
[Black "Birnboim, Nathan"]
[Result "1-0"]
[WhiteElo "2446"]
[BlackElo "2353"]
[PlyCount "120"]
[EventDate "2014.03.03"]
[EventType "swiss"]
[EventRounds "11"]
[EventCountry "ARM"]
[Source "lmi"]
[SourceDate "2014.03.02"]

1. Nf3 Nf6 2. c4 g6 3. Nc3 Bg7 4. e4 d6 5. d4 O-O 6. Be2 e5 7. O-O Nc6 8. d5
Ne7 9. b4 Ne8 10. c5 f5 11. a4 Nf6 12. cxd6 cxd6 13. a5 fxe4 14. Nd2 Kh8 15.
Nc4 h6 16. b5 h5 17. Ba3 Nf5 18. Re1 Bh6 19. Bf1 e3 20. f3 Rf7 21. Ra2 Bf8 22.
Bd3 Bd7 23. Nxe3 Qxa5 24. Nxf5 gxf5 25. Bb2 Qb6+ 26. Kh1 Bh6 27. Qb1 Rg8 28.
Na4 Qa5 29. Nc5 Qb6 30. Nxd7 Rxd7 31. Bxf5 Rdg7 32. Bc1 Bg5 33. Be6 Rf8 34.
Bxg5 Rxg5 35. Qc1 Nh7 36. Qc4 Rg7 37. Qh4 Nf6 38. Qa4 Rc7 39. h3 Qc5 40. Qh4
Nxd5 41. Qg5 Nf6 42. Qh6+ Nh7 43. Qxh5 Qxb5 44. Rxa7 Qd3 45. Raa1 Rg7 46. Rad1
Qc2 47. Bg4 Qf2 48. Rf1 Qb6 49. Rd2 Rg5 50. Qh6 Rf6 51. Qh4 e4 52. Rc1 e3 53.
Rdc2 Rc5 54. Rxc5 dxc5 55. Qe1 Qb3 56. Rxc5 Rd6 57. Rc8+ Kg7 58. Rc7+ Kg6 59.
f4 Qb6 60. Re7 Nf6 1-0

[Event "Europa ch 2014"]
[Site "Yerevan ARM"]
[Date "2014.03.13"]
[Round "10.84"]
[White "Grishchenko, Sergey1"]
[Black "Salomon, Johan"]
[Result "1-0"]
[WhiteElo "2431"]
[BlackElo "2340"]
[PlyCount "41"]
[EventDate "2014.03.03"]
[EventType "swiss"]
[EventRounds "11"]
[EventCountry "ARM"]
[Source "lmi"]
[SourceDate "2014.03.02"]

1. d4 Nf6 2. c4 e6 3. Nc3 Bb4 4. e3 O-O 5. Bd3 c5 6. Nf3 d5 7. a3 Bxc3+ 8. bxc3
dxc4 9. Bxc4 b6 10. Bd3 Bb7 11. Bb2 Qd5 12. Qe2 cxd4 13. exd4 Nbd7 14. O-O Qa5
15. c4 Rfd8 16. Qe3 Rac8 17. Nd2 Nf8 18. f3 Ng6 19. Rac1 Nh4 20. Ne4 Ne8 21.
Ng3 1-0

[Event "Europa ch 2014"]
[Site "Yerevan ARM"]
[Date "2014.03.13"]
[Round "10.85"]
[White "Vardanian, Haik G"]
[Black "Simonian, Tigran"]
[Result "0-1"]
[WhiteElo "2327"]
[BlackElo "2425"]
[PlyCount "96"]
[EventDate "2014.03.03"]
[EventType "swiss"]
[EventRounds "11"]
[EventCountry "ARM"]
[Source "lmi"]
[SourceDate "2014.03.02"]

1. d4 d5 2. c4 e6 3. Nf3 Nf6 4. g3 dxc4 5. Bg2 Bb4+ 6. Bd2 c5 7. dxc5 Bxc5 8.
O-O O-O 9. Qc2 Nbd7 10. Qxc4 b5 11. Qh4 Bb7 12. Nc3 a6 13. g4 Be7 14. g5 Nd5
15. Rad1 Qb6 16. Ne4 Rfd8 17. Ng3 Nf8 18. Nh5 Ng6 19. Qg4 Rac8 20. a3 a5 21. e4
Nc7 22. Bc3 Ne8 23. Rxd8 Rxd8 24. h4 b4 25. axb4 axb4 26. Bd2 Bc5 27. Ng3 Ba6
28. h5 Nf8 29. Ra1 Bxf2+ 30. Kh2 Bb7 31. Bf4 Be3 32. Be5 Nd7 33. g6 Nef6 34.
gxf7+ Kxf7 35. Qh4 Nxe5 36. Nxe5+ Kg8 37. Rf1 Qc7 38. Ng4 Nxg4+ 39. Qxg4 Qe7
40. Bh3 Bc8 41. e5 Rf8 42. Qc4 Bd7 43. Rd1 Rf4 44. Ne4 Qh4 45. Rxd7 Rf2+ 46.
Nxf2 Qxf2+ 47. Bg2 Bf4+ 48. Kh1 Qh4+ 0-1

[Event "Europa ch 2014"]
[Site "Yerevan ARM"]
[Date "2014.03.13"]
[Round "10.86"]
[White "Petrosyan, Tigran S"]
[Black "Karatorossian, David"]
[Result "1/2-1/2"]
[WhiteElo "2425"]
[BlackElo "2262"]
[PlyCount "109"]
[EventDate "2014.03.03"]
[EventType "swiss"]
[EventRounds "11"]
[EventCountry "ARM"]
[Source "lmi"]
[SourceDate "2014.03.02"]

1. Nf3 Nf6 2. c4 g6 3. Nc3 Bg7 4. d4 O-O 5. Bg5 d6 6. e3 c5 7. Be2 Nbd7 8. O-O
h6 9. Bh4 g5 10. Bg3 Nh5 11. Qc2 Nxg3 12. hxg3 a6 13. Rad1 Qa5 14. Nd5 Re8 15.
a3 e6 16. b4 Qd8 17. Nc3 cxd4 18. exd4 Qc7 19. Rfe1 Nf6 20. Nd2 b6 21. Bf3 Bb7
22. Bxb7 Qxb7 23. Nde4 Nxe4 24. Nxe4 Qc6 25. d5 exd5 26. Rxd5 Re5 27. Red1 Rc8
28. Nxd6 Rxd5 29. Rxd5 Qxd5 30. Nxc8 Qe6 31. Qf5 Qxc4 32. Nxb6 Qc1+ 33. Kh2
Qxa3 34. Nd5 Qa2 35. Ne7+ Kf8 36. Ng6+ Kg8 37. Qc8+ Kh7 38. Ne7 f6 39. Qf5+ Kh8
40. Qc8+ Kh7 41. Qe8 Qe6 42. g4 Qd6+ 43. Kh3 Qe6 44. f3 Qc4 45. Qg6+ Kh8 46.
Nf5 Qc7 47. Qe8+ Kh7 48. Qe4 Qf7 49. Qd3 Bf8 50. Qe4 Kg8 51. Ne3 Qe7 52. Qc4+
Qf7 53. Nd5 Kg7 54. Qe4 h5 55. Ne3 1/2-1/2

[Event "Europa ch 2014"]
[Site "Yerevan ARM"]
[Date "2014.03.13"]
[Round "10.88"]
[White "Vardanian, Hakob"]
[Black "Kanter, Eduard"]
[Result "0-1"]
[WhiteElo "2270"]
[BlackElo "2410"]
[PlyCount "99"]
[EventDate "2014.03.03"]
[EventType "swiss"]
[EventRounds "11"]
[EventCountry "ARM"]
[Source "lmi"]
[SourceDate "2014.03.02"]

1. e4 c5 2. Nf3 d6 3. g3 Nc6 4. Bg2 g6 5. O-O Bg7 6. c3 e5 7. d3 Nge7 8. a3 O-O
9. b4 b6 10. b5 Na5 11. Ra2 Be6 12. c4 h6 13. Nc3 f5 14. exf5 gxf5 15. Nd2 d5
16. Qa4 e4 17. dxe4 Bxc3 18. exd5 Bd7 19. Nf3 Bg7 20. Re2 Ng6 21. Qc2 Qf6 22.
h4 Rae8 23. Rxe8 Rxe8 24. h5 Ne5 25. Nxe5 Qxe5 26. Bf4 Qf6 27. Bf3 Bf8 28. Rd1
Rd8 29. Kg2 Bd6 30. Bc1 Be5 31. Be2 Nb7 32. Qa4 Nd6 33. Qxa7 Ne4 34. Bf3 Ng5
35. Be2 f4 36. Bg4 Ne4 37. Rf1 Kh8 38. Bf3 Ng5 39. Bg4 Rg8 40. Qxd7 Ne4 41. Re1
Nxf2 42. Kxf2 fxg3+ 43. Ke2 Qf2+ 44. Kd1 g2 45. Be3 Qxe3 46. Rxe3 g1=Q+ 47. Ke2
Rxg4 48. Rxe5 Qh2+ 49. Ke3 Qf4+ 50. Kd3 0-1